000 00516nam a22001817a 4500
003 CEME
005 20210628201814.0
008 210216b xxu||||| |||| 00| 0 eng d
020 _a0-471-54821-9
040 _c.
082 _a519.76 GOL
100 _aTretyakov, N.V Golshtein, E.G
_956897
245 _aModified lagrangians and monotone maps in optimization
260 _aNEW YORK
_bJOHN WILEY
_c1996
300 _aIX,438P
650 _aMATHEMATICAL OPTIMIZATION LAGRANGIAN FUNCTIONS
_956898
942 _cBK
_2ddc
999 _c567222
_d567222